[Event "Turkish Women-ch Arzum 2022"]
[Site "Ayvalik"]
[Date "2022.03.08"]
[Round "5.10"]
[White "Alev, Gonulden Seda"]
[Black "Aydin, Gulenay"]
[Result "0-1"]
[WhiteElo "1561"]
[BlackElo "2069"]
[Annotator "TA"]
[PlyCount "108"]
[EventDate "2022.03.04"]
[EventType "swiss"]
[EventCountry "TUR"]
[SourceTitle "playchess.com"]
[Source "ChessBase"]
[SourceQuality "1"]

{[%evp 9,108,0,0,-10,-3,-22,-9,-11,-5,-18,-37,-77,-61,-54,-72,-71,-73,-149,-147,-185,-185,-238,-176,-184,-185,-184,-182,-166,-184,-181,-155,-164,-172,-171,-163,-185,-184,-194,-190,-210,-205,-201,-166,-169,-162,-159,-119,-226,-226,-223,-223,-232,-227,-263,-262,-264,-256,-318,-312,-307,-299,-379,-371,-395,-403,-391,-395,-420,-396,-387,-388,-409,-387,-481,-342,-580,-366,-556,-535,-541,-514,-610,-654,-636,-617,-1018,-853,-1307,-1179,-1261,-1141,-2675,-2278,-2787,-1670,-5093,-969,-29967,-29967,-5477,-2861]} 1. e4 c6 2. d4 d5 3. exd5 cxd5 4. c4 Nf6 5. h3 Nc6 6. Nf3 {Inhibits e5. B13: Caro-Kann: Exchange Variation and Panov-Botvinnik Attack.} e6 {6...e6 has become a bit dusty these days.} 7. a3 Be7 8. Nc3 {The position is equal.} O-O 9. Bf4 b6 10. b4 dxc4 11. Bxc4 Bb7 {[%cal Bc8b7,Bb7f3,Bf3e4][%mdl 32]} 12. O-O Rc8 {[%cal Oc6d4]} 13. Qd3 {[#]} (13. Be2 $142) 13... Bxb4 $1 $17 {[%mdl 512] [#]} 14. axb4 $146 (14. Ne2 Bd6) ({Predecessor:} 14. Rac1 Bxc3 15. Rxc3 Na5 16. Ba2 Rxc3 17. Qxc3 Nd5 18. Qd2 Nxf4 19. Qxf4 Qe7 20. Qe3 {0-1 (30) Wegerer,F (2166)-Stolz,J (2130) Austria 2019}) 14... Nxb4 15. Qb1 (15. Qe2 {is a better defense.} Bxf3 16. gxf3 Qxd4 17. Bxe6 Rxc3 18. Be5) 15... Bxf3 16. Qxb4 {[#]} Qxd4 $1 17. Be3 ({Don't play} 17. gxf3 Rxc4 18. Be3 Rxb4) 17... Qxc4 18. Qxc4 Rxc4 {[%cal Bc8c4,Bc4b4,Bb4b1,Bb1c1][%mdl 32]} 19. Nb5 Be4 {Strongly threatening ...a5.} 20. Rxa7 Nd5 21. Nd6 Rb4 22. Bc1 Bd3 23. Rd1 {[#]} Rb1 $1 24. Rxd3 Rxc1+ 25. Kh2 Rc6 26. Nf5 {[%cal Od3d5]} Rc2 27. Kg3 h6 28. Nd6 {Inhibits Rfc8.} (28. Ne7+ $17 {was worth a try.} Nxe7 29. Rxe7) 28... Rc7 $19 29. Rxc7 Nxc7 {[%mdl 4096] Endgame KRN-KRN} 30. Rc3 Nd5 31. Rc6 Rb8 32. Nb5 Kf8 33. Rd6 Rc8 {White must now prevent ...Ke7.} 34. Rd7 Rc5 35. Nd6 Rc3+ 36. f3 Rc7 37. Rxc7 Nxc7 {KN-KN} 38. Kf4 b5 {[%cal Bb6b5,Bb5b4][%mdl 32]} 39. Ke5 b4 40. Kd4 Nd5 41. Nc4 Ke7 42. Nd2 $2 (42. h4 {was the only defense.}) 42... Kf6 43. g3 (43. h4 $142) 43... g5 44. Ne4+ Ke7 45. Kc4 f5 46. Nf2 Kf6 47. Nd3 h5 {[%cal Bh6h5,Bh5g4][%mdl 32]} 48. Kb3 g4 49. fxg4 fxg4 50. hxg4 hxg4 51. Kc4 Kf5 {...Ne3+ is the strong threat.} 52. Kd4 Nc3 (52... b3 $142 53. Nb2 {[#]} Nf4 $1 {[%mdl 512]}) 53. Ke3 b3 54. Nb2 Ne4 {Weighted Error Value: White=0.40/Black=0.14 (very precise)} 0-1

[Event "Turkish Women-ch Arzum 2022"]
[Site "Ayvalik"]
[Date "2022.03.08"]
[Round "5.11"]
[White "Acarbay, Algi"]
[Black "Alagoz, Zumra Meryem"]
[Result "1-0"]
[WhiteElo "1992"]
[BlackElo "1573"]
[Annotator "TA"]
[PlyCount "137"]
[EventDate "2022.03.04"]
[EventType "swiss"]
[EventCountry "TUR"]
[SourceTitle "playchess.com"]
[Source "ChessBase"]
[SourceQuality "1"]

{[%evp 9,137,25,44,-31,-30,-39,-34,-39,-69,-108,-78,-75,-81,-95,-72,-68,-70,-101,-103,-141,-126,-137,-18,-25,26,-10,-30,-67,-47,-119,0,0,53,0,97,89,88,71,98,98,100,100,107,95,104,99,178,181,187,196,204,200,199,187,239,237,299,308,457,456,1301,731,676,502,510,477,527,464,751,750,714,650,654,633,649,645,639,638,637,626,600,576,940,938,912,748,993,816,1511,1383,1410,943,1417,1262,1324,1302,4610,1017,4198,3795,2485,1750,3165,2282,29978,29981,29981,29981,29982,29983,29984,29985,29986,29987,29987,29988,29988,29987,29989,29990,29990,29991,29991,29992,29992,29991,29991,29992,29992,29993]} 1. d4 g6 2. Bf4 Bg7 3. Nc3 d6 4. Nf3 Nf6 5. Qd2 c6 6. O-O-O {A48: 1 d4 Nf6 2 Nf3 g6: Torre, London and Colle Systems.} (6. e4 $14) 6... b5 $1 $15 {[%cal Bb7b5,Bb5b4][%mdl 32] [#]} 7. Bh6 $146 ({Predecessor:} 7. Nb1 h6 8. h4 Nbd7 9. e3 Nb6 10. Bd3 Nc4 11. Bxc4 bxc4 12. Rde1 Ne4 13. Qe2 {0-1 (31) Mendoza,B (1945)-Priasmoro,N (2502) Chess.com INT 2020}) 7... Bxh6 8. Qxh6 {Black is slightly better.} b4 9. Na4 {[%cal Oe2e4]} Qa5 10. b3 {[%cal Oe2e4]} Nbd7 11. Qg5 Nd5 12. e4 {[#]} h6 $1 13. Qh4 (13. Qd2 Nc3) 13... Nc3 14. Re1 (14. Nxc3 bxc3 15. Rd3 (15. a4 $2 Qb4 $19) 15... g5 16. Nxg5 Qa3+ 17. Kd1 Qb2 $19) 14... g5 15. Qg3 Nf6 (15... Nxa4 $17 16. bxa4 Qxa4) 16. Nd2 $1 $11 Be6 ({Resist} 16... Nxa2+ 17. Kb2 Nc3 18. Nxc3 bxc3+ 19. Qxc3 Qxc3+ 20. Kxc3 $16) (16... Nxa4 $142 17. Nc4 Qc7 18. bxa4 Be6) 17. e5 Nxa4 (17... Nxa2+ $2 18. Kb2 $18) 18. bxa4 dxe5 (18... Nd5 $5 {[%cal Rd5c3]}) 19. Rxe5 (19. Qxe5 $15 Qxe5 20. dxe5) 19... Qb6 (19... Qxa4 $17 20. Nc4 Nd5) 20. Rc5 $1 {[%cal Be5c5,Bc5c6,Bc6a6][%mdl 32]} Rd8 ({Black should try} 20... Nd7 $11 21. Nc4 Qb7) 21. a5 (21. Nc4 $14 Bxc4 22. Bxc4 (22. a5 Qb7 $11)) 21... Qb8 (21... Qb7 $11 {keeps the balance.}) 22. Qxb8 $16 {White now steadily converts the win.} Rxb8 23. Rxc6 Kd7 {[#] Prevents Rc7+.} 24. Ra6 {Black must now prevent Bc4.} Rb7 25. Nb3 Bxb3 26. axb3 Ne8 27. Bd3 {White is more active.} Nd6 (27... Nc7 $16) 28. Re1 $18 Rc7 29. Re5 f6 30. Rc5 {Strongly threatening Rxc7+.} Rhc8 31. Kd2 e6 (31... Kd8 $142 32. g3 Ke8) 32. f3 f5 33. Re5 {And now d5 would win.} Re8 (33... Rf8 $142 34. d5 Rf6) 34. d5 {[%cal Bd4d5,Bd5e6][%mdl 32]} Nb7 (34... h5 $142 35. dxe6+ Ke7) 35. dxe6+ Ke7 36. Rxf5 Nd6 {Prevents Rf7+.} 37. Re5 Rd8 38. g3 Kf6 {[#]} (38... Rf8 $142 39. Rd5 Rd8) 39. e7 $1 {[%mdl 512]} Rxe7 40. Rd5 Red7 41. Bf5 Rc7 42. Rdxd6+ Rxd6+ 43. Rxd6+ Kxf5 {[%mdl 4096] Endgame KR-KR} 44. g4+ Ke5 45. Rxh6 Rc3 46. Rg6 Rxf3 47. Rxg5+ Kd4 48. Rf5 Rh3 49. Rf2 Rh4 50. Rg2 {Threatens to win with g5.} Ke4 51. g5 Kf3 52. Rg3+ Kf4 53. Rg1 Rxh2+ 54. Kd3 Rh3+ 55. Kc4 {Intending g6 and mate.} Rc3+ 56. Kxb4 Rxc2 57. g6 {[%cal Bg5g6,Bg6g7][%mdl 32] White mates.} Rc8 58. g7 Rg8 59. Kb5 Ke5 60. Ka6 Kd6 61. Kxa7 Kc7 62. b4 Kc6 63. Rg6+ Kc7 64. b5 Kc8 65. b6 Kd7 66. b7 Kc7 67. b8=Q+ Rxb8 {[#]} 68. Rc6+ $1 {[%mdl 512]} Kxc6 (68... Kd7 69. Kxb8) 69. Kxb8 {Weighted Error Value: White=0.19 (very precise) /Black=0.34} 1-0

[Event "Turkish Women-ch Arzum 2022"]
[Site "Ayvalik"]
[Date "2022.03.08"]
[Round "5.12"]
[White "Engin, Cagla"]
[Black "Gokbulut, Yulia"]
[Result "0-1"]
[WhiteElo "1436"]
[BlackElo "1902"]
[Annotator "TA"]
[PlyCount "150"]
[EventDate "2022.03.04"]
[EventType "swiss"]
[EventCountry "TUR"]
[SourceTitle "playchess.com"]
[Source "ChessBase"]
[SourceQuality "1"]

{[%evp 11,150,12,15,15,16,9,11,9,10,10,16,12,6,12,14,16,41,36,46,34,53,38,78,77,94,50,51,52,38,-54,-64,-33,-27,-25,-15,-20,-17,-21,0,-29,0,-5,-2,-2,0,-4,0,-11,30,39,37,27,45,72,56,0,0,0,0,0,0,0,0,-15,0,0,0,0,0,0,0,0,24,37,36,34,52,0,39,0,0,0,0,0,0,0,0,0,8,-37,-20,-107,-11,-12,-27,-56,-58,-58,-40,-454,-451,-431,-199,-552,-543,-413,-151,-156,-138,-225,-227,-219,-222,-178,-131,-147,-100,-150,-149,-287,-273,-346,-340,-301,-232,-213,-81,-92,-8,-366,-366,-445,-459,-29981,-29980,-29982,-29983,-29983,-29983,-29982,-29983]} 1. e4 c6 2. d4 d5 3. exd5 cxd5 4. Bd3 Nc6 5. c3 Nf6 6. h3 g6 7. Nf3 {B13: Caro-Kann: Exchange Variation and Panov-Botvinnik Attack.} Bf5 8. Bf4 {8.Be2 is becoming the main line.} Bxd3 9. Qxd3 {The position is equal.} Bg7 10. O-O O-O 11. Nbd2 {[%cal Bb1d2,Bd2b3,Bb3d4][%mdl 32]} a6 {[#]} 12. Rae1 $146 ({Predecessor:} 12. a4 Nd7 13. Rfe1 Re8 14. Nb3 e6 15. h4 Qf6 16. Qe3 Qf5 17. Ne5 Ndxe5 18. dxe5 {1-0 (58) Artemiev,V (2699)-Dreev,A (2635) Sochi 2021}) 12... b5 13. Ne5 Nxe5 14. dxe5 Ne8 15. Nb3 e6 16. Qe3 Qc7 17. Nd4 Rb8 18. Bh6 (18. Rc1 $16) 18... b4 $14 19. Bxg7 Nxg7 20. f4 (20. Rc1 $14) 20... bxc3 $15 21. bxc3 Rfc8 22. Rf3 Rb2 23. Re2 Rb1+ 24. Kh2 $1 Rcb8 (24... Nf5 {with more complications.} 25. Nxf5 gxf5 26. Re1 Rbb8 27. Qe2 a5) 25. Nb3 Qb6 (25... Nf5 {keeps more tension.} 26. Qd3 Qc4 27. Qxc4 dxc4 28. Nc5 a5) 26. Qxb6 Rxb6 27. g4 Kf8 28. Rd3 Ke7 29. Kg3 Rb5 (29... Rc6 $142) 30. Rc2 $11 Ne8 31. c4 dxc4 32. Rxc4 g5 33. Ra4 (33. Re3 $14) 33... gxf4+ 34. Kxf4 Nc7 35. Nd4 Rf1+ 36. Kg3 Rc5 37. Kg2 Re1 38. Nf3 Re2+ 39. Kg3 Rcc2 40. a3 Rc5 41. Rb3 f6 42. exf6+ Kxf6 43. Rf4+ Ke7 44. Ra4 (44. g5 $14) 44... e5 45. Rbb4 (45. Nh4 {feels hotter.} Kd7 46. Nf5 Rd2 47. Kh4 a5 48. Rb6) 45... a5 46. Re4 Rxe4 47. Rxe4 {[%mdl 4096] Endgame KRN-KRN} Kd6 48. a4 Ne8 49. g5 Ke6 50. Kg4 (50. Rh4 $11) 50... Nd6 $15 51. Re3 (51. Re1 $11 {keeps the balance.}) 51... e4 (51... Rc4+ $17 52. Kh5 e4) 52. Nd4+ $11 Ke5 53. Nf3+ Kd5 {Hoping for ...Nc4.} 54. Nd2 Rc2 55. Nb3 {[%mdl 8192]} ({White should try} 55. Re2 $15) 55... Nc4 $19 56. Re1 Rg2+ (56... Rc3 $142 57. Rd1+ Ke5) 57. Kf4 (57. Kh4 {is more resistant.}) 57... Rf2+ 58. Kg4 Rb2 $2 (58... Rf3 $19 59. Nxa5 Nxa5) 59. Nc1 $17 Ne5+ 60. Kf4 (60. Kg3 $17 {was worth a try.}) 60... Rf2+ $19 61. Kg3 Rf3+ 62. Kg2 Rf5 (62... Ng6 $19 {Threatens to win with ...Nf4+.} 63. Ne2 Nh4+ 64. Kg1 e3 65. Rd1+ Ke5) 63. h4 $17 Nf3 (63... Rf4 $142 64. Ne2 Rxh4) 64. Rd1+ {[#]} ({Better is} 64. Rh1) 64... Ke5 $1 65. Kg3 (65. Rh1 $17 {is the only way for White.}) 65... Nd4 $19 66. Re1 Rf3+ 67. Kg2 Ra3 68. h5 Nf5 ({Inferior is} 68... Rxa4 69. g6 hxg6 70. h6 $15) (68... Nf3 $19 {has better winning chances.} 69. Rd1 Nxg5) 69. Ne2 $17 Rxa4 {Black is more active.} (69... Nh4+ $17 70. Kf2 Rf3+ 71. Kg1 Rf5) 70. Ng3 $2 {[%mdl 8192]} (70. Rc1 $11 Rc4 71. Rb1) 70... Ra2+ $19 71. Ne2 Nd4 ({Don't go for} 71... a4 $2 72. h6 $19) 72. Kf1 {[#]} (72. g6 $19 hxg6 73. h6) 72... Nxe2 {Black mates.} 73. Rxe2 Rxe2 74. Kxe2 Kf5 75. g6 hxg6 {Weighted Error Value: White=0.34/Black=0.16 (very precise)} 0-1

[Event "Turkish Women-ch Arzum 2022"]
[Site "Ayvalik"]
[Date "2022.03.08"]
[Round "5.13"]
[White "Demirtas, Hafize"]
[Black "Karatiken, Seray"]
[Result "1/2-1/2"]
[WhiteElo "1779"]
[BlackElo "1717"]
[Annotator "NA RC"]
[PlyCount "222"]
[EventDate "2022.03.04"]
[EventType "swiss"]
[EventCountry "TUR"]
[SourceTitle "playchess.com"]
[Source "ChessBase"]
[SourceQuality "1"]
[TimeControl "5400+30"]

1. e4 {[%emt 0:01:00]} c5 {[%emt 0:01:00]} 2. Nf3 {[%emt 0:00:30]} d6 {[%emt 0:00:30]} 3. Bb5+ {[%emt 0:00:30]} Bd7 {[%emt 0:00:30]} 4. Bxd7+ {[%emt 0:00:00]} Qxd7 {[%emt 0:00:00]} 5. O-O {[%emt 0:00:00]} Nc6 {[%emt 0:00:00]} 6. c3 {[%emt 0:00:00]} d5 {[%emt 0:00:00]} 7. exd5 {[%emt 0:00:00]} Qxd5 {[%emt 0:00:00]} 8. d4 {[%emt 0:00:30]} e6 {[%emt 0:00:00]} 9. Be3 {[%emt 0:00:00]} cxd4 {[%emt 0:00:00]} 10. cxd4 {[%emt 0:00:00]} Nf6 {[%emt 0:01:30]} 11. Nc3 {[%emt 0:00:30]} Qa5 {[%emt 0:00:30]} 12. Qb3 {[%emt 0:07:30]} Qb4 {[%emt 0:14:30]} 13. Qc2 {[%emt 0:00:30]} Bd6 {[%emt 0:02:30]} 14. Bg5 {[%emt 0:03:30]} Nxd4 {[%emt 0:14:30]} 15. Nxd4 {[%emt 0:01:30]} Qxd4 {[%emt 0:00:00]} 16. Nb5 {[%emt 0:21:30]} Qe5 {[%emt 0:13:00]} 17. Nxd6+ {[%emt 0:00:30]} Qxd6 {[%emt 0:00:30]} 18. Bxf6 {[%emt 0:00:30]} gxf6 {[%emt 0:00:00]} 19. Rfd1 {[%emt 0:01:30]} Qc6 {[%emt 0:04:00]} 20. Qxc6+ {[%emt 0:05:30]} bxc6 {[%emt 0:00:30]} 21. Rac1 {[%emt 0:00:30]} Rc8 {[%emt 0:00:30]} 22. Rd6 {[%emt 0:01:30]} c5 {[%emt 0:01:30]} 23. b4 {[%emt 0:02:30]} Ke7 {[%emt 0:03:30]} 24. Ra6 {[%emt 0:00:30]} cxb4 {[%emt 0:10:30]} 25. Rxa7+ {[%emt 0:00:30]} Kd6 {[%emt 0:00:30]} 26. Rd1+ {[%emt 0:00:00]} Ke5 {[%emt 0:01:30]} 27. Rxf7 {[%emt 0:09:00]} Ra8 {[%emt 0:03:30]} 28. Rd2 {[%emt 0:07:30]} b3 {[%emt 0:09:43]} 29. f4+ {[%emt 0:00:00]} Kxf4 {[%emt 0:01:10]} 30. axb3 {[%emt 0:00:00]} Ke3 {[%emt 0:02:14]} 31. Rd1 {[%emt 0:00:30]} Ke2 {[%emt 0:00:32]} 32. Rb1 {[%emt 0:01:30]} f5 {[%emt 0:00:09]} 33. Rf6 {[%emt 0:03:30]} Ra6 {[%emt 0:01:18]} 34. Rh6 {[%emt 0:02:30]} Rb8 {[%emt 0:01:43]} 35. Rh3 {[%emt 0:01:30]} Rd6 {[%emt 0:05:57]} 36. Rb2+ {[%emt 0:05:30]} Rd2 {[%emt 0:00:04]} 37. Rxd2+ {[%emt 0:00:30]} Kxd2 {[%emt 0:00:02]} 38. Rxh7 {[%emt 0:02:30]} Rxb3 {[%emt 0:02:34]} 39. Kf2 {[%emt 0:00:30]} Rb4 {[%emt 0:02:34]} 40. Rd7+ {[%emt 0:01:30]} Kc3 {[%emt 0:00:10]} 41. Ke3 {[%emt 0:02:30]} Re4+ {[%emt 0:00:51]} 42. Kf3 {[%emt 0:00:30]} Rd4 {[%emt 0:01:29]} 43. Rc7+ {[%emt 0:03:55]} Kd3 {[%emt 0:00:21]} 44. Ra7 {[%emt 0:03:10]} Rh4 {[%emt 0:01:28]} 45. Ra3+ {[%emt 0:01:35]} Kd2 {[%emt 0:00:15]} 46. g3 {[%emt 0:00:05]} Rc4 {[%emt 0:00:55]} 47. Re3 {[%emt 0:03:12]} Rc6 {[%emt 0:02:34]} 48. h4 {[%emt 0:00:49]} Rd6 {[%emt 0:01:50]} 49. Kf2 {[%emt 0:01:52]} Rc6 {[%emt 0:00:45]} 50. Re5 {[%emt 0:00:49]} Kd3 {[%emt 0:00:06]} 51. Kf3 {[%emt 0:00:33]} Kd4 {[%emt 0:00:30]} 52. Kf4 {[%emt 0:00:30]} Rc1 {[%emt 0:01:33]} 53. Rxe6 {[%emt 0:03:14]} Rf1+ {[%emt 0:00:30]} 54. Kg5 {[%emt 0:00:00]} Rf3 {[%emt 0:00:01]} 55. h5 {[%emt 0:02:53]} Rxg3+ {[%emt 0:00:33]} 56. Kxf5 {[%emt 0:00:02]} Rh3 {[%emt 0:01:17]} 57. Kg6 {[%emt 0:00:30]} Kd5 {[%emt 0:00:30]} 58. Re1 {[%emt 0:00:30]} Rg3+ {[%emt 0:00:00]} 59. Kh7 {[%emt 0:00:00]} Kd6 {[%emt 0:00:03]} 60. Kh6 {[%emt 0:00:50]} Rg4 {[%emt 0:00:54]} 61. Re2 {[%emt 0:00:30]} Rg3 {[%emt 0:00:30]} 62. Kh7 {[%emt 0:00:00]} Kd7 {[%emt 0:00:00]} 63. h6 {[%emt 0:00:05]} Rg5 {[%emt 0:00:13]} 64. Kh8 {[%emt 0:00:34]} Rg4 {[%emt 0:00:08]} 65. Re3 {[%emt 0:00:31]} Rg5 {[%emt 0:00:13]} 66. Re4 {[%emt 0:00:09]} Rg3 {[%emt 0:00:32]} 67. Ra4 {[%emt 0:01:45]} Ke7 {[%emt 0:01:21]} 68. Ra7+ {[%emt 0:00:30]} Kf8 {[%emt 0:00:00]} 69. Rg7 {[%emt 0:00:00]} Rh3 {[%emt 0:01:03]} 70. Kh7 {[%emt 0:00:16]} Rh1 {[%emt 0:00:00]} 71. Rg5 {[%emt 0:00:06]} Rf1 {[%emt 0:00:41]} 72. Rg8+ {[%emt 0:00:40]} Kf7 {[%emt 0:00:05]} 73. Ra8 {[%emt 0:00:20]} Rg1 {[%emt 0:00:54]} 74. Ra6 {[%emt 0:00:35]} Rg3 {[%emt 0:00:05]} 75. Ra7+ {[%emt 0:00:06]} Kf8 {[%emt 0:00:33]} 76. Rg7 {[%emt 0:00:30]} Rh3 {[%emt 0:00:30]} 77. Rg5 {[%emt 0:00:00]} Kf7 {[%emt 0:00:06]} 78. Rf5+ {[%emt 0:00:00]} Ke6 {[%emt 0:00:02]} 79. Rf4 {[%emt 0:00:50]} Rg3 {[%emt 0:00:30]} 80. Rf8 {[%emt 0:00:00]} Ke7 {[%emt 0:00:31]} 81. Rg8 {[%emt 0:00:56]} Rh3 {[%emt 0:00:11]} 82. Rg4 {[%emt 0:00:31]} Kf7 {[%emt 0:00:38]} 83. Rf4+ {[%emt 0:00:27]} Ke7 {[%emt 0:00:10]} 84. Kg6 {[%emt 0:00:41]} Rg3+ {[%emt 0:00:12]} 85. Kh5 {[%emt 0:00:02]} Rh3+ {[%emt 0:01:05]} 86. Kg5 {[%emt 0:00:24]} Rg3+ {[%emt 0:00:15]} 87. Kh4 {[%emt 0:00:22]} Rg1 {[%emt 0:00:24]} 88. Rf3 {[%emt 0:00:34]} Rh1+ {[%emt 0:00:30]} 89. Kg5 {[%emt 0:00:00]} Rg1+ {[%emt 0:00:00]} 90. Kh5 {[%emt 0:00:20]} Rh1+ {[%emt 0:00:26]} 91. Kg6 {[%emt 0:00:30]} Rg1+ {[%emt 0:00:00]} 92. Kh7 {[%emt 0:01:04]} Rg2 {[%emt 0:00:00]} 93. Kh8 {[%emt 0:00:07]} Rg1 {[%emt 0:01:31]} 94. Rb3 {[%emt 0:01:21]} Kf7 {[%emt 0:01:22]} 95. Rb7+ {[%emt 0:00:10]} Kf8 {[%emt 0:00:28]} 96. Kh7 {[%emt 0:00:30]} Rg2 {[%emt 0:00:00]} 97. Rc7 {[%emt 0:00:12]} Rg1 {[%emt 0:00:11]} 98. Rg7 {[%emt 0:05:02]} Rh1 {[%emt 0:00:30]} 99. Rg4 {[%emt 0:00:00]} Kf7 {[%emt 0:00:14]} 100. Rf4+ {[%emt 0:00:00]} Ke7 {[%emt 0:00:34]} 101. Kg7 {[%emt 0:00:07]} Rg1+ {[%emt 0:00:32]} 102. Kh8 {[%emt 0:00:30]} Rg2 {[%emt 0:00:00]} 103. Ra4 {[%emt 0:00:00]} Kf8 {[%emt 0:01:12]} 104. Ra8+ {[%emt 0:00:07]} Kf7 {[%emt 0:00:30]} 105. h7 {[%emt 0:00:00]} Rg3 {[%emt 0:00:00]} 106. Rg8 {[%emt 0:00:00]} Rf3 {[%emt 0:00:40]} 107. Rb8 {[%emt 0:00:57]} Rf2 {[%emt 0:00:07]} 108. Rb7+ {[%emt 0:00:31]} Kf8 {[%emt 0:00:30]} 109. Rg7 {[%emt 0:00:00]} Rf3 {[%emt 0:00:00]} 110. Rg5 {[%emt 0:00:24]} Rf2 {[%emt 0:00:17]} 111. Rf5+ {[%emt 0:00:30]} Rxf5 {[%emt 0:00:30]} 1/2-1/2

[Event "Turkish Women-ch Arzum 2022"]
[Site "Ayvalik"]
[Date "2022.03.08"]
[Round "5.14"]
[White "Can, Isil"]
[Black "Kucuk, Aybike"]
[Result "1/2-1/2"]
[WhiteElo "1875"]
[BlackElo "1439"]
[Annotator "NA"]
[PlyCount "110"]
[EventDate "2022.03.04"]
[EventType "swiss"]
[EventCountry "TUR"]
[SourceTitle "playchess.com"]
[Source "ChessBase"]
[SourceQuality "1"]
[TimeControl "5400+30"]

{[%evp 8,100,14,32767,32767,32767,32767,37,64,32767,32767,47,77,78,75,58,66,45,45,34,50,-40,23,-89,-7,-14,18,32767,32767,32767,3,0,59,49,94,28,35,38,45,55,41,32767,32767,32767,32767,8,18,15,104,117,125,126,166,127,127,148,147,32767,32767,177,289,288,32767,32767,210,32767,32767,167,175,170,204,32767,32767,32767,32767,32767,32767,32767,32767,32767,32767,32767,32767,32767,32767,32767,32767,32767,32767,-21,-59,32767,32767,32767,-15]} 1. e4 {[%emt 0:01:00]} c5 {[%emt 0:01:00]} 2. Nf3 {[%emt 0:00:30]} e6 {[%emt 0:00:30]} 3. d4 {[%emt 0:00:30]} cxd4 {[%emt 0:00:30]} 4. Nxd4 {[%emt 0:00:00]} a6 {[%emt 0:00:00]} 5. c4 {[%emt 0:00:00]} Nf6 {[%emt 0:00:00]} 6. Nc3 {[%emt 0:00:30]} Qc7 {[%emt 0:00:00]} 7. Be2 {[%emt 0:06:30]} Be7 {[%emt 0:01:00]} 8. f4 {[%emt 0:03:30]} d6 {[%emt 0:02:30]} 9. Be3 {[%emt 0:03:30]} b6 {[%emt 0:08:30]} 10. O-O {[%emt 0:00:30]} Bb7 {[%emt 0:01:30]} 11. Qd3 {[%emt 0:00:30]} O-O {[%emt 0:00:30]} 12. a3 {[%emt 0:02:30]} Nc6 {[%emt 0:05:30]} 13. b3 {[%emt 0:07:30]} Rfd8 {[%emt 0:07:30]} 14. Bf3 {[%emt 0:04:30] [#]} (14. Rac1 $14) 14... Rac8 {[%emt 0:03:30]} ({Black should play} 14... Ne5 $1 15. Qe2 (15. fxe5 dxe5 16. Nxe6 fxe6 $15) (15. Qd2 Nfg4) 15... Nxf3+ 16. gxf3 b5) 15. Nce2 {[%emt 0:09:30] [#]} (15. Nde2 $14 {stays ahead.}) 15... Nd7 {[%emt 0:11:30]} (15... Ne5 $1 $17 {[%cal Re5d3]} 16. Qb1 (16. fxe5 $2 dxe5 17. Bg5 Rd7 $17) 16... Nxf3+ 17. gxf3 g6) 16. Rac1 {[%emt 0:02:30]} Qb8 {[%emt 0:02:30]} 17. b4 {[%emt 0:03:30]} Qa8 {[%emt 0:02:30]} 18. Rfd1 {[%emt 0:06:30]} Nxd4 {[%emt 0:12:30]} 19. Bxd4 {[%emt 0:00:30] [#]} Nc5 {[%emt 0:06:30]} 20. Qc3 $1 {[%emt 0:16:30]} ({Worse is} 20. bxc5 dxc5 21. Rb1 Qa7 $17) 20... Na4 {[%emt 0:10:30]} (20... Nxe4 $14 {should be considered.} 21. Bxe4 Bxe4) 21. Qe3 {[%emt 0:02:30]} (21. Qb3 $5 {[%cal Rb3a4]} b5 22. Ng3 $14) 21... b5 {[%emt 0:01:30]} 22. cxb5 {[%emt 0:02:30]} axb5 {[%emt 0:00:00]} 23. Ng3 {[%emt 0:02:30]} Rxc1 $1 {[%emt 0:02:23]} 24. Rxc1 {[%emt 0:00:30]} Rc8 {[%emt 0:01:07]} 25. Be2 {[%emt 0:02:30]} Rxc1+ {[%emt 0:05:58]} 26. Qxc1 {[%emt 0:01:30]} Bc6 {[%emt 0:00:10]} 27. Qe3 {[%emt 0:04:04]} f6 {[%emt 0:04:21]} (27... Qd8 $11 {keeps the balance.}) 28. Qb3 {[%emt 0:07:55]} d5 {[%emt 0:04:04] [#]} 29. Bg4 $1 {[%emt 0:02:24]} Kf7 {[%emt 0:01:58]} 30. f5 {[%emt 0:03:50]} (30. Ne2 $18) 30... e5 {[%emt 0:02:37] [#]} 31. Bf3 $1 {[%emt 0:02:45]} Bd6 {[%emt 0:02:11]} (31... Bd7 $142 32. exd5 Bd6) 32. exd5 {[%emt 0:00:23]} Bb7 {[%emt 0:00:00] [#]} 33. Be3 {[%emt 0:01:18]} (33. Ne4 $142 $1 Qf8 34. Be3) 33... Qd8 {[%emt 0:01:34]} (33... Ke7 {keeps fighting.} 34. Qd3 Qc8) 34. Ne4 {[%emt 0:01:19]} Ke7 {[%emt 0:00:24]} 35. Nc5 {[%emt 0:00:56]} Qc7 {[%emt 0:00:40]} 36. Nxa4 {[%emt 0:00:38]} bxa4 {[%emt 0:00:06]} 37. Qxa4 {[%emt 0:00:33]} Qc3 $18 {[%emt 0:00:30]} 38. Kf2 {[%emt 0:00:00]} Qb2+ {[%emt 0:00:35]} 39. Be2 {[%emt 0:00:00]} Qb1 {[%emt 0:00:15]} 40. g4 {[%emt 0:01:18]} Qh1 {[%emt 0:00:14]} 41. Bf3 {[%emt 0:00:19]} Qxh2+ {[%emt 0:00:46]} 42. Ke1 {[%emt 0:00:30]} Qg3+ {[%emt 0:00:30]} 43. Ke2 {[%emt 0:00:30]} e4 {[%emt 0:00:30]} 44. Bxe4 {[%emt 0:00:30]} Qxg4+ {[%emt 0:00:30]} 45. Kd3 {[%emt 0:00:30]} Qh3 {[%emt 0:00:30]} 46. Qd1 {[%emt 0:00:30]} Ba6+ {[%emt 0:00:30]} 47. Kd2 {[%emt 0:00:00]} Qh2+ {[%emt 0:00:12]} 48. Kc1 {[%emt 0:00:00]} Qa2 {[%emt 0:00:34]} 49. Qa4 {[%emt 0:00:38]} Qa1+ {[%emt 0:00:41]} 50. Kd2 {[%emt 0:00:21]} Qf1 {[%emt 0:00:37]} 51. Qb3 {[%emt 0:01:43]} Qe2+ {[%emt 0:00:37]} 52. Kc1 {[%emt 0:00:02]} Qe1+ {[%emt 0:00:17]} 53. Kc2 {[%emt 0:00:28]} Qe2+ {[%emt 0:00:14]} 54. Kb1 {[%emt 0:00:54]} Qe1+ {[%emt 0:00:51]} 55. Kc2 {[%emt 0:00:30]} Qe2+ {[%emt 0:00:06]} 1/2-1/2